<?xml version="1.0" encoding="UTF-8"?>
<record
    xmlns:xsi="http://www.w3.org/2001/XMLSchema-instance"
    xsi:schemaLocation="http://www.loc.gov/MARC21/slim http://www.loc.gov/standards/marcxml/schema/MARC21slim.xsd"
    xmlns="http://www.loc.gov/MARC21/slim">

  <leader>02972nam0a2200649 i 4500</leader>
  <controlfield tag="001">RU\NLR\BIBL_A\010772869</controlfield>
  <controlfield tag="005">20240921102933.0</controlfield>
  <datafield tag="010" ind1=" " ind2=" ">
    <subfield code="a">9785970434147</subfield>
    <subfield code="9">3000</subfield>
  </datafield>
  <datafield tag="021" ind1=" " ind2=" ">
    <subfield code="a">RU</subfield>
    <subfield code="b">2015-30199</subfield>
    <subfield code="9">1791</subfield>
  </datafield>
  <datafield tag="035" ind1=" " ind2=" ">
    <subfield code="a">(NILC)LIBNET\0000554667</subfield>
  </datafield>
  <datafield tag="035" ind1=" " ind2=" ">
    <subfield code="a">RUCML-BIBL-0001403588</subfield>
  </datafield>
  <datafield tag="035" ind1=" " ind2=" ">
    <subfield code="a">(NLR Aleph) 010772869</subfield>
  </datafield>
  <datafield tag="090" ind1=" " ind2=" ">
    <subfield code="a">10030024</subfield>
    <subfield code="c">10030024</subfield>
  </datafield>
  <datafield tag="100" ind1=" " ind2=" ">
    <subfield code="a">20150601d2015    km y0rusy50      ca</subfield>
  </datafield>
  <datafield tag="101" ind1="0" ind2=" ">
    <subfield code="a">rus</subfield>
  </datafield>
  <datafield tag="102" ind1=" " ind2=" ">
    <subfield code="a">RU</subfield>
  </datafield>
  <datafield tag="105" ind1=" " ind2=" ">
    <subfield code="a">a|||z||||01yy</subfield>
  </datafield>
  <datafield tag="200" ind1="1" ind2=" ">
    <subfield code="a">&#x422;&#x440;&#x430;&#x43D;&#x441;&#x430;&#x43D;&#x430;&#x43B;&#x44C;&#x43D;&#x430;&#x44F; &#x434;&#x435;&#x437;&#x430;&#x440;&#x442;&#x435;&#x440;&#x438;&#x437;&#x430;&#x446;&#x438;&#x44F; &#x432; &#x43B;&#x435;&#x447;&#x435;&#x43D;&#x438;&#x438; &#x433;&#x435;&#x43C;&#x43E;&#x440;&#x440;&#x43E;&#x438;&#x434;&#x430;&#x43B;&#x44C;&#x43D;&#x43E;&#x439; &#x431;&#x43E;&#x43B;&#x435;&#x437;&#x43D;&#x438;</subfield>
    <subfield code="e">[&#x434;&#x43B;&#x44F; &#x43F;&#x440;&#x430;&#x43A;&#x442;&#x438;&#x43A;&#x443;&#x44E;&#x449;&#x438;&#x445; &#x432;&#x440;&#x430;&#x447;&#x435;&#x439;-&#x445;&#x438;&#x440;&#x443;&#x440;&#x433;&#x43E;&#x432;]</subfield>
    <subfield code="f">&#x415;. &#x410;. &#x417;&#x430;&#x433;&#x440;&#x44F;&#x434;&#x441;&#x43A;&#x438;&#x439;</subfield>
  </datafield>
  <datafield tag="210" ind1=" " ind2=" ">
    <subfield code="a">&#x41C;&#x43E;&#x441;&#x43A;&#x432;&#x430;</subfield>
    <subfield code="c">&#x413;&#x42D;&#x41E;&#x422;&#x410;&#x420;-&#x41C;&#x435;&#x434;&#x438;&#x430;</subfield>
    <subfield code="d">2015</subfield>
  </datafield>
  <datafield tag="215" ind1=" " ind2=" ">
    <subfield code="a">169 &#x441;.</subfield>
    <subfield code="c">&#x438;&#x43B;., &#x446;&#x432;. &#x438;&#x43B;.</subfield>
    <subfield code="d">22</subfield>
  </datafield>
  <datafield tag="320" ind1=" " ind2=" ">
    <subfield code="a">&#x411;&#x438;&#x431;&#x43B;&#x438;&#x43E;&#x433;&#x440;. &#x432; &#x43A;&#x43E;&#x43D;&#x446;&#x435; &#x433;&#x43B;.</subfield>
  </datafield>
  <datafield tag="320" ind1=" " ind2=" ">
    <subfield code="a">&#x41F;&#x440;&#x435;&#x434;&#x43C;. &#x443;&#x43A;&#x430;&#x437;.: &#x441;. 168-169</subfield>
  </datafield>
  <datafield tag="541" ind1="1" ind2=" ">
    <subfield code="a">Transanal artery ligation in treatment of hemorrhoids</subfield>
  </datafield>
  <datafield tag="606" ind1="1" ind2=" ">
    <subfield code="a">&#x413;&#x435;&#x43C;&#x43E;&#x440;&#x440;&#x43E;&#x439;</subfield>
    <subfield code="x">&#x425;&#x438;&#x440;&#x443;&#x440;&#x433;&#x438;&#x447;&#x435;&#x441;&#x43A;&#x43E;&#x435; &#x43B;&#x435;&#x447;&#x435;&#x43D;&#x438;&#x435;</subfield>
    <subfield code="9">1362462</subfield>
    <subfield code="3">RU\NLR\AUTH\66255778</subfield>
  </datafield>
  <datafield tag="606" ind1="1" ind2=" ">
    <subfield code="a">&#x413;&#x415;&#x41C;&#x41E;&#x420;&#x420;&#x41E;&#x419;</subfield>
    <subfield code="x">&#x445;&#x438;&#x440;&#x443;&#x440;&#x433;&#x438;&#x44F;</subfield>
    <subfield code="8">rus</subfield>
    <subfield code="2">rus_mesh</subfield>
    <subfield code="3">R6614-31.1</subfield>
  </datafield>
  <datafield tag="606" ind1="1" ind2=" ">
    <subfield code="a">HEMORRHOIDS</subfield>
    <subfield code="x">surgery</subfield>
    <subfield code="8">eng</subfield>
    <subfield code="2">rus_mesh</subfield>
    <subfield code="3">E6614-31.1</subfield>
  </datafield>
  <datafield tag="606" ind1="1" ind2=" ">
    <subfield code="a">&#x41F;&#x420;&#x42F;&#x41C;&#x410;&#x42F; &#x41A;&#x418;&#x428;&#x41A;&#x410;</subfield>
    <subfield code="x">&#x43A;&#x440;&#x43E;&#x432;&#x43E;&#x441;&#x43D;&#x430;&#x431;&#x436;&#x435;&#x43D;&#x438;&#x435;</subfield>
    <subfield code="8">rus</subfield>
    <subfield code="2">rus_mesh</subfield>
    <subfield code="3">R12192-8.1</subfield>
  </datafield>
  <datafield tag="606" ind1="1" ind2=" ">
    <subfield code="a">RECTUM</subfield>
    <subfield code="x">blood supply</subfield>
    <subfield code="8">eng</subfield>
    <subfield code="2">rus_mesh</subfield>
    <subfield code="3">E12192-8.1</subfield>
  </datafield>
  <datafield tag="606" ind1="1" ind2=" ">
    <subfield code="a">&#x410;&#x420;&#x422;&#x415;&#x420;&#x418;&#x418;</subfield>
    <subfield code="x">&#x445;&#x438;&#x440;&#x443;&#x440;&#x433;&#x438;&#x44F;</subfield>
    <subfield code="8">rus</subfield>
    <subfield code="2">rus_mesh</subfield>
    <subfield code="3">R1239-22.1</subfield>
  </datafield>
  <datafield tag="606" ind1="1" ind2=" ">
    <subfield code="a">&#x41F;&#x420;&#x42F;&#x41C;&#x410;&#x42F; &#x41A;&#x418;&#x428;&#x41A;&#x410;</subfield>
    <subfield code="x">&#x445;&#x438;&#x440;&#x443;&#x440;&#x433;&#x438;&#x44F;</subfield>
    <subfield code="8">rus</subfield>
    <subfield code="2">rus_mesh</subfield>
    <subfield code="3">R12192-24.1</subfield>
  </datafield>
  <datafield tag="606" ind1="1" ind2=" ">
    <subfield code="a">RECTUM</subfield>
    <subfield code="x">surgery</subfield>
    <subfield code="8">eng</subfield>
    <subfield code="2">rus_mesh</subfield>
    <subfield code="3">E12192-24.1</subfield>
  </datafield>
  <datafield tag="606" ind1="1" ind2=" ">
    <subfield code="a">ARTERIES</subfield>
    <subfield code="x">surgery</subfield>
    <subfield code="8">eng</subfield>
    <subfield code="2">rus_mesh</subfield>
    <subfield code="3">E1239-22.1</subfield>
  </datafield>
  <datafield tag="675" ind1=" " ind2=" ">
    <subfield code="a">616.35-08</subfield>
    <subfield code="v">3</subfield>
    <subfield code="z">rus</subfield>
  </datafield>
  <datafield tag="686" ind1=" " ind2=" ">
    <subfield code="a">76.29.34</subfield>
    <subfield code="2">rugasnti</subfield>
  </datafield>
  <datafield tag="686" ind1=" " ind2=" ">
    <subfield code="a">C06.405.469.860.401 - &#x445;&#x438;&#x440;&#x443;&#x440;&#x433;&#x438;&#x44F;</subfield>
    <subfield code="v">2015</subfield>
    <subfield code="2">MESH</subfield>
  </datafield>
  <datafield tag="686" ind1=" " ind2=" ">
    <subfield code="a">C14.907.449 - &#x445;&#x438;&#x440;&#x443;&#x440;&#x433;&#x438;&#x44F;</subfield>
    <subfield code="v">2015</subfield>
    <subfield code="2">MESH</subfield>
  </datafield>
  <datafield tag="686" ind1=" " ind2=" ">
    <subfield code="a">C06.405.469.860.401 - surgery</subfield>
    <subfield code="v">2015</subfield>
    <subfield code="2">MESH</subfield>
  </datafield>
  <datafield tag="686" ind1=" " ind2=" ">
    <subfield code="a">C14.907.449 - surgery</subfield>
    <subfield code="v">2015</subfield>
    <subfield code="2">MESH</subfield>
  </datafield>
  <datafield tag="686" ind1=" " ind2=" ">
    <subfield code="a">A03.556.124.526.767 - &#x43A;&#x440;&#x43E;&#x432;&#x43E;&#x441;&#x43D;&#x430;&#x431;&#x436;&#x435;&#x43D;&#x438;&#x435;</subfield>
    <subfield code="v">2015</subfield>
    <subfield code="2">MESH</subfield>
  </datafield>
  <datafield tag="686" ind1=" " ind2=" ">
    <subfield code="a">A03.556.249.249.767 - &#x43A;&#x440;&#x43E;&#x432;&#x43E;&#x441;&#x43D;&#x430;&#x431;&#x436;&#x435;&#x43D;&#x438;&#x435;</subfield>
    <subfield code="v">2015</subfield>
    <subfield code="2">MESH</subfield>
  </datafield>
  <datafield tag="686" ind1=" " ind2=" ">
    <subfield code="a">A03.556.124.526.767 - blood supply</subfield>
    <subfield code="v">2015</subfield>
    <subfield code="2">MESH</subfield>
  </datafield>
  <datafield tag="686" ind1=" " ind2=" ">
    <subfield code="a">A03.556.249.249.767 - blood supply</subfield>
    <subfield code="v">2015</subfield>
    <subfield code="2">MESH</subfield>
  </datafield>
  <datafield tag="686" ind1=" " ind2=" ">
    <subfield code="a">A03.556.124.526.767 - &#x445;&#x438;&#x440;&#x443;&#x440;&#x433;&#x438;&#x44F;</subfield>
    <subfield code="v">2015</subfield>
    <subfield code="2">MESH</subfield>
  </datafield>
  <datafield tag="686" ind1=" " ind2=" ">
    <subfield code="a">A03.556.249.249.767 - &#x445;&#x438;&#x440;&#x443;&#x440;&#x433;&#x438;&#x44F;</subfield>
    <subfield code="v">2015</subfield>
    <subfield code="2">MESH</subfield>
  </datafield>
  <datafield tag="686" ind1=" " ind2=" ">
    <subfield code="a">A03.556.124.526.767 - surgery</subfield>
    <subfield code="v">2015</subfield>
    <subfield code="2">MESH</subfield>
  </datafield>
  <datafield tag="686" ind1=" " ind2=" ">
    <subfield code="a">A03.556.249.249.767 - surgery</subfield>
    <subfield code="v">2015</subfield>
    <subfield code="2">MESH</subfield>
  </datafield>
  <datafield tag="686" ind1=" " ind2=" ">
    <subfield code="a">A07.231.114 - &#x445;&#x438;&#x440;&#x443;&#x440;&#x433;&#x438;&#x44F;</subfield>
    <subfield code="v">2015</subfield>
    <subfield code="2">MESH</subfield>
  </datafield>
  <datafield tag="686" ind1=" " ind2=" ">
    <subfield code="a">A07.231.114 - surgery</subfield>
    <subfield code="v">2015</subfield>
    <subfield code="2">MESH</subfield>
  </datafield>
  <datafield tag="686" ind1="1" ind2=" ">
    <subfield code="a">&#x420;457.766.403-59</subfield>
  </datafield>
  <datafield tag="700" ind1=" " ind2="1">
    <subfield code="a">&#x417;&#x430;&#x433;&#x440;&#x44F;&#x434;&#x441;&#x43A;&#x438;&#x439;</subfield>
    <subfield code="b">&#x415;. &#x410;.</subfield>
    <subfield code="g">&#x415;&#x432;&#x433;&#x435;&#x43D;&#x438;&#x439; &#x410;&#x43B;&#x435;&#x43A;&#x441;&#x435;&#x435;&#x432;&#x438;&#x447;</subfield>
  </datafield>
  <datafield tag="801" ind1=" " ind2="0">
    <subfield code="a">RU</subfield>
    <subfield code="b">&#x426;&#x41D;&#x41C;&#x411;</subfield>
    <subfield code="c">20150427</subfield>
    <subfield code="g">RCR</subfield>
  </datafield>
  <datafield tag="801" ind1=" " ind2="1">
    <subfield code="a">RU</subfield>
    <subfield code="b">&#x426;&#x41D;&#x41C;&#x411;</subfield>
    <subfield code="c">20150427</subfield>
    <subfield code="2">rusmarc</subfield>
  </datafield>
  <datafield tag="801" ind1=" " ind2="2">
    <subfield code="a">RU</subfield>
    <subfield code="b">&#x426;&#x41D;&#x41C;&#x411;</subfield>
    <subfield code="c">20150525</subfield>
    <subfield code="2">rusmarc</subfield>
  </datafield>
  <datafield tag="942" ind1=" " ind2=" ">
    <subfield code="c">BOOK</subfield>
  </datafield>
  <datafield tag="980" ind1=" " ind2=" ">
    <subfield code="a">NBR</subfield>
  </datafield>
</record>
